000 00439nam a2200157 i 4500
001 82640
003 ES-MaACL
005 20230906174716.0
007 t|
008 041111s1959 sp ||||1| spa d
100 1 _aIcaza Tigerino, Julio.
_965039
245 1 0 _aPoemas del campo y de la muerte /
_cJulio Icaza Tigerino.
260 _aMadrid :
_bAgora,
_c1959 (
_fOrbe)
300 _a37 p. ;
_c21 cm.
852 _aES-MaACL
_j2021-F-5
_bR.44628
999 _c82640
_d82640